Finanse

Uložené v:
Podrobná bibliografia
Médium: Kniha
Jazyk:Polish
Vydavateľské údaje: Wroclaw Akademia Ekon. im. Oskara Langego 1988
Vydanie:1. wyd.
Edícia:Prace naukowe Nr.416
Tagy: Pridať tag
Žiadne tagy, Buďte prvý, kto otaguje tento záznam!

MARC

LEADER 00000nam a2200000 4500
001 c026947
005 20260120103038.7
041 0 |a pol 
044 |a PL 
245 1 0 |a Finanse 
250 |a 1. wyd. 
264 1 |a Wroclaw  |b Akademia Ekon. im. Oskara Langego  |c 1988 
300 |a 136 s. 
490 1 |a Prace naukowe  |v Nr.416 
830 0 |a Prace naukowe  |v Nr.416